|
|
|
|
| LEADER |
00000nam a2200000 i 4500 |
| 001 |
1/79213 |
| 008 |
960823q19801993 gre d |
| 035 |
|
|
|a 1993
|b 1
|c Μοκιόζος
|l 10033121
|
| 040 |
|
|
|a GR-MY-UA
|b gre
|e aacr
|
| 041 |
0 |
|
|a gre
|
| 082 |
0 |
|
|a 793.319495
|
| 100 |
1 |
|
|a Δήμας, Ηλίας Σ.
|
| 245 |
1 |
0 |
|a Ελληνικοί παραδοσιακοί χοροί /
|c Ηλία Σ. Δήμα
|
| 250 |
|
|
|a [Νέα βελτ. εκδ.]
|
| 260 |
|
|
|a Αθήνα :
|b Σάλτο,
|c [19--]
|
| 300 |
|
|
|a 195 σ.
|b εικ.
|
| 650 |
0 |
0 |
|a Dance
|x Folklore
|z Greece.
|
| 650 |
0 |
0 |
|a Folk dancing, Greek.
|
| 852 |
|
|
|a INST
|b RHODES
|e 19960823
|h 793.319495 ΔΗΜ
|p 005400009647
|q 005400009647
|t BK
|y 0
|
| 909 |
|
|
|a Ρ
|b 026095
|
| 922 |
|
|
|a 4ΕΛΗ
|b 199302
|c ΜΙΚΙΟΖΟΣ
|
| 970 |
|
|
|a ΧΟΡΟΖΙΔΟΥ
|b ΤΖΕΝΗ
|z 1999/11/05
|